| 000 | 00358nam a22001457a 4500 | ||
|---|---|---|---|
| 003 | OSt | ||
| 005 | 20211231152327.0 | ||
| 008 | 211231b |||||||| |||| 00| 0 eng d | ||
| 020 | _a0393069940 | ||
| 040 | _cHU | ||
| 100 |
_aE.FANCHER _926667 |
||
| 245 | _aPION EERS OF PSYCHOLOGY | ||
| 260 |
_aNEW YORK _bW.W.NORTON& COMPANY,INC _c1996 |
||
| 942 |
_2ddc _cBOOKS _n0 |
||
| 999 |
_c25605 _d25605 |
||